Statistics for Nearest European capital cities

Click here to take the quiz!

General Stats

  • This quiz has been taken 17 times
  • The average score is 6 of 12

Answer Stats

HintAnswer% Correct
Frankfurt, GermanyLuxembourg City
93%
Lviv, UkraineWarsaw
79%
Istanbul, TurkeyBucharest
57%
Tromsø, NorwayHelsinki
57%
Bari, ItalyPodgorica
50%
Milan, ItalyVaduz
50%
Sochi, RussiaChisinau
43%
Geographic South PoleValletta
43%
Algiers, AlgeriaAndorra la Vella
29%
Mashhad, IranMoscow
21%
Susak Island, CroatiaSan Marino City
21%
Beringovsky, RussiaReykjavik
7%

Score Distribution

Percentile by Number Answered

Percent of People with Each Score

Your Score History

You have not taken this quiz